书目信息 |
| 题名: |
空心阴极放电及其应用
|
|
| 作者: | 周开忆 主编 | |
| 分册: | 下册 | |
| 出版信息: | 北京 真空科学与技术杂志社 1982-1983 |
|
| 页数: | 355-798页 | |
| 开本: | 19cm | |
| 丛书名: | ||
| 单 册: | ||
| 中图分类: | O462.1 | |
| 科图分类: | ||
| 主题词: | 空心阴极-放电--应用 , 放电-空心阴极--应用 | |
| 电子资源: | ||
| ISBN: | ||
| 000 | 00713nam0 2200241 45 | |
| 001 | 0182005537 | |
| 005 | 20060805104737.64 | |
| 010 | @dCNY5.00 | |
| 100 | @a19950510d1982 emky0chiy0121 ea | |
| 101 | 0 | @achi |
| 102 | @aCN@b110000 | |
| 105 | @ay z 000yy | |
| 200 | 10 | @a空心阴极放电及其应用@Akong xin yin ji fang dian ji qi ying yong@h下册@f周开忆主编@Fzhou kai yi zhu bian |
| 210 | @a北京@c真空科学与技术杂志社@d1982-1983 | |
| 215 | @a355-798页@d19cm | |
| 300 | @a自然科学著作 | |
| 606 | @a空心阴极-放电@x应用 | |
| 606 | @a放电-空心阴极@x应用 | |
| 690 | @aO462.1@v3 | |
| 701 | 0 | @a周开忆@Azhou kai yi@4主编 |
| 801 | 0 | @aCN@bTSSF@c20060805 |
| 801 | 2 | @aCN@bNLC@c20060719 |
| 905 | @a10447@dO462.1@e12:2 | |
| 空心阴极放电及其应用.下册/周开忆主编.-北京:真空科学与技术杂志社,1982-1983 |
| 355-798页;19cm |
| 自然科学著作 |
| ISBN :CNY5.00 |
| ● |
| 相关链接 |
|
|
|
|
正题名:空心阴极放电及其应用
索取号:O462.1/12:2
 
预约/预借
| 序号 | 登录号 | 条形码 | 馆藏地/架位号 | 状态 | 备注 |
| 1 | 0451544 | 204515444 | 密集书库/ [索取号:O462.1/12:2] | 在馆 |